|
|
|
|
| LEADER |
00000naa2a2200000 4500 |
| 001 |
252063 |
| 005 |
20240215100037.0 |
| 035 |
|
|
|a (RuTPU)RU\TPU\book\274380
|
| 035 |
|
|
|a RU\TPU\book\274375
|
| 090 |
|
|
|a 252063
|
| 100 |
|
|
|a 20140226d1984 k y0rusy50 ca
|
| 101 |
0 |
|
|a rus
|
| 102 |
|
|
|a RU
|
| 200 |
1 |
|
|a Расчет и экспериментальное исследование энергетических спектров тормозного излучения с граничной энергией до 1 ГэВ
|f Ю. Н. Адищев [и др.]
|
| 320 |
|
|
|a Библиогр.: с. 166 (10 назв.)
|
| 461 |
|
0 |
|0 (RuTPU)RU\TPU\book\273040
|t Прикладная ядерная спектроскопия
|o сборник статей
|d 1976-1984
|
| 463 |
|
0 |
|0 (RuTPU)RU\TPU\book\273704
|t Вып. 13
|f под ред. В. Г. Недовесова
|v С. 161-166
|d 1984
|p 208 с.
|
| 610 |
1 |
|
|a труды учёных ТПУ
|
| 701 |
|
1 |
|a Адищев
|b Ю. Н.
|c физик
|c профессор Томского политехнического университета, доктор физико-математических наук
|f 1946-
|g Юрий Николаевич
|3 (RuTPU)RU\TPU\pers\27727
|
| 701 |
|
1 |
|a Беспалов
|b В. И.
|c физик
|c доцент Томского политехнического университета, кандидат физико-математических наук
|f 1946-
|g Валерий Иванович
|3 (RuTPU)RU\TPU\pers\26488
|
| 701 |
|
1 |
|a Головков
|b В. М.
|c физик
|c заведующий лабораторией Томского политехнического университета, кандидат физико-математических наук
|f 1950-
|g Владимир Михайлович
|3 (RuTPU)RU\TPU\pers\28136
|
| 701 |
|
1 |
|a Забаев
|b В. Н.
|c физик
|c доцент Томского политехнического университета, ведущий научный сотрудник
|f 1946-
|g Виктор Николаевич
|3 (RuTPU)RU\TPU\pers\28133
|
| 701 |
|
1 |
|a Калини
|b Б. Н.
|
| 701 |
|
1 |
|a Курков
|b А. А.
|
| 701 |
|
1 |
|a Лунев
|b В. И.
|
| 701 |
|
1 |
|a Потылицын
|b А. П.
|c российский физик
|c профессор Томского политехнического университета
|f 1945-
|g Александр Петрович
|3 (RuTPU)RU\TPU\pers\15853
|9 5531
|
| 801 |
|
1 |
|a RU
|b 63413507
|c 20121114
|
| 801 |
|
2 |
|a RU
|b 63413507
|c 20140228
|g RCR
|
| 942 |
|
|
|c BK
|